000
00264nam a22001097a 4500
008
230620b xxu||||| |||| 00| 0 eng d
082
_a
321.6
_b
PAD 1963
245
_a
Africa and World Order
260
_b
Fredrick A. Praeger
_c
1963
300
_a
152p
942
_2
ddc
_c
BK
999
_c
1815
_d
1815